Elements of Engineering Electromagnetics (Record no. 1647)
[ view plain ]
| 000 -LEADER | |
|---|---|
| fixed length control field | 00357nam a2200145Ia 4500 |
| 008 - FIXED-LENGTH DATA ELEMENTS--GENERAL INFORMATION | |
| fixed length control field | 191201s2003 xx 000 0 und d |
| 082 ## - DEWEY DECIMAL CLASSIFICATION NUMBER | |
| Classification number | 537 |
| Item number | NAE |
| 100 ## - MAIN ENTRY--PERSONAL NAME | |
| Personal name | RAO, Narayana Nannapanent |
| 245 #0 - TITLE STATEMENT | |
| Title | Elements of Engineering Electromagnetics |
| 250 ## - EDITION STATEMENT | |
| Edition statement | 5th |
| 260 ## - PUBLICATION, DISTRIBUTION, ETC. (IMPRINT) | |
| Place of publication, distribution, etc | N.Delhi |
| Name of publisher, distributor, etc | PHI |
| Date of publication, distribution, etc | 2003 |
| 300 ## - PHYSICAL DESCRIPTION | |
| Extent | 788 |
| 650 ## - SUBJECT ADDED ENTRY--TOPICAL TERM | |
| Topical term or geographic name as entry element | B.Tech(ECE) |
| 942 ## - ADDED ENTRY ELEMENTS (KOHA) | |
| Source of classification or shelving scheme | Dewey Decimal Classification |
| Koha item type | Text Books |
| Withdrawn status | Lost status | Source of classification or shelving scheme | Damaged status | Not for loan | Collection code | Home library | Current library | Date acquired | Source of acquisition | Cost, normal purchase price | Bill Number | Total Checkouts | Full call number | Acc. no. / Barcode | Date last seen | Bill Date | Koha item type |
|---|---|---|---|---|---|---|---|---|---|---|---|---|---|---|---|---|---|
| Dewey Decimal Classification | B.Tech(ECE) | PIET C-LIBRARY | PIET C-LIBRARY | 19/08/2006 | M/s UDH , Delhi | 295.00 | 125382 | 537 NAE | 2901 | 04/12/2019 | 23/08/2005 | Text Books | |||||
| Dewey Decimal Classification | B.Tech(ECE) | PIET C-LIBRARY | PIET C-LIBRARY | 19/08/2006 | M/s UDH , Delhi | 295.00 | 125382 | 621.34 RAE | 2902 | 04/12/2019 | 23/08/2005 | Text Books | |||||
| Dewey Decimal Classification | B.Tech(ECE) | PIET C-LIBRARY | PIET C-LIBRARY | 19/08/2006 | M/s UDH , Delhi | 295.00 | 125382 | 621.34 RAE | 2903 | 04/12/2019 | 23/08/2005 | Text Books |